| 000 | 00340nam a2200121Ia 4500 | ||
|---|---|---|---|
| 008 | 210430s9999 xx 000 0 und d | ||
| 082 | _a620.5 C569 N | ||
| 100 |
_aCientifica _954773 |
||
| 245 | 4 |
_aThe Nanotechnology Opportunity Report Vol 2 _cCientifica |
|
| 260 |
_aNetherland _bCientifica Ltd _c2003 |
||
| 300 | _a319p. | ||
| 942 |
_cBK _2ddc |
||
| 999 |
_c565474 _d565474 |
||